000 00586nam a22001817a 4500
003 UA-OsUOA
001 25591
007 ta
008 20040419b un ||||| |||| 00| 0 ukr d
100 _aГуменюк О.
942 _cSA
040 _aUA-OsUOA
_cUA-OsUOA
_dUA-OsUOA
245 _aАвторська программа курсу "Психологія Я-концепції"
300 _aС.119-124
955 _a0
773 0 _w0
_tПсихологія і суспільство
_dТернопіль
_d2004
_g№1
650 7 _aПсихологія особистості
_2UDC
999 _c311889
_d311889